000 00680nam a22002297a 4500
005 20170124105951.0
010 _a962750
020 _c00.00
035 _a962750
037 _bCen Lib/Ret
040 _aDPL
_bEN
082 _a331.15
_bKUM
100 _aKumar, H. L
_97608
245 _aManagement guide to strikes and lock-outs /
_cby H. L. Kumar
260 _aNew Delhi
_bMetropolitan Book Co.
_c1979
270 _a1 Netaji Subhash Marg, Daryaganj
_bNew Delhi
_e110002
300 _axii,191p.
_c23cm(Hb)
500 _aIncludes index
650 _aDevelopment of strike
_913592
650 _aManagement-strikes
_913593
942 _2ddc
_cEN
_h332.15
_mKUM
999 _c125279
_d125279